Prírodná lekáreň (Record no. 20380)
[ view plain ]
| 000 -LEADER | |
|---|---|
| fixed length control field | 01190nam a2200337ua 4500 |
| 001 - CONTROL NUMBER | |
| control field | 20380 |
| 003 - CONTROL NUMBER IDENTIFIER | |
| control field | VRT |
| 005 - DATE AND TIME OF LATEST TRANSACTION | |
| control field | 20260121151350.0 |
| 008 - FIXED-LENGTH DATA ELEMENTS--GENERAL INFORMATION | |
| fixed length control field | 090725i1986 xo | 001 0 slo d |
| 035 ## - SYSTEM CONTROL NUMBER | |
| System control number | (SVKBBclas03)vtls000270466 |
| 039 #9 - LEVEL OF BIBLIOGRAPHIC CONTROL AND CODING DETAIL [OBSOLETE] | |
| Level of rules in bibliographic description | 202112171439 |
| Level of effort used to assign nonsubject heading access points | AUTHORITY |
| 040 ## - CATALOGING SOURCE | |
| Original cataloging agency | SVKBB |
| Language of cataloging | slo |
| Transcribing agency | SVKBB |
| Description conventions | AACR2 |
| 041 0# - LANGUAGE CODE | |
| Language code of text/sound track or separate title | slo |
| Language code of original | bul |
| 080 ## - UNIVERSAL DECIMAL CLASSIFICATION NUMBER | |
| Universal Decimal Classification number | 633.88 |
| 080 ## - UNIVERSAL DECIMAL CLASSIFICATION NUMBER | |
| Universal Decimal Classification number | 615.32 |
| 100 1# - MAIN ENTRY--PERSONAL NAME | |
| Personal name | Pamukov, Dimiter |
| 245 10 - TITLE STATEMENT | |
| Title | Prírodná lekáreň |
| Statement of responsibility, etc. | Dimiter Pamukov ; z bulharského originálu preložila Zdenka Kramplová ; perovky Andrej Hurnák ; farebné obrázky Dionýz Dugas...[ a kol.] |
| 250 ## - EDITION STATEMENT | |
| Edition statement | 1. vyd. |
| 260 ## - PUBLICATION, DISTRIBUTION, ETC. | |
| Place of publication, distribution, etc. | Bratislava |
| Name of publisher, distributor, etc. | Príroda |
| Date of publication, distribution, etc. | 1986 |
| 300 ## - PHYSICAL DESCRIPTION | |
| Extent | 305 s. |
| Other physical details | reg., lit. |
| 440 #0 - SERIES STATEMENT/ADDED ENTRY--TITLE | |
| Title | Rastlinná výroba |
| 504 ## - BIBLIOGRAPHY, ETC. NOTE | |
| Bibliography, etc. note | Obsahuje register, litaratúru na strane 295 |
| 650 07 - SUBJECT ADDED ENTRY--TOPICAL TERM | |
| Topical term or geographic name entry element | liečivé rastliny |
| Source of heading or term | SVKBBPH |
| 650 07 - SUBJECT ADDED ENTRY--TOPICAL TERM | |
| Topical term or geographic name entry element | fytofarmaká, |
| Source of heading or term | SVKBBPH |
| 700 1# - ADDED ENTRY--PERSONAL NAME | |
| Personal name | Kramplová, Zdenka, |
| Dates associated with a name | 1957-, |
| Relator term | prekladateľ |
| Relationship | trl |
| 700 1# - ADDED ENTRY--PERSONAL NAME | |
| Personal name | Hurňák, Andrej, |
| Relator term | ilustrátor |
| Relationship | ill |
| 700 1# - ADDED ENTRY--PERSONAL NAME | |
| Personal name | Dugas, Dionýz, |
| Dates associated with a name | 1941-, |
| Relator term | ilustrátor |
| Relationship | ill |
| 942 ## - ADDED ENTRY ELEMENTS (KOHA) | |
| Source of classification or shelving scheme | Dewey Decimal Classification |
| Koha item type | Odborná literatúra pre dospelých |
| Suppress in OPAC | No |
| 949 ## - LOCAL PROCESSING INFORMATION (OCLC) | |
| 6 | 270001000437240 |
| a | svkbbB 18491-b |
| b | svkbbm 488246 |
| 949 ## - LOCAL PROCESSING INFORMATION (OCLC) | |
| 6 | 270001000437246 |
| a | svkbbB 18491-c |
| b | svkbbm 496606 |
| Stav vyradenia | Strata | Poškodenie | Spôsob nadobudnutia | Domovská knižnica | Aktuálna knižnica | Dátum nadobudnutia | Total checkouts | Čiarový kód exemplára | Date last seen | Typ exemplára |
|---|---|---|---|---|---|---|---|---|---|---|
| Dar | Obecná knižnica Horná Štubňa | Obecná knižnica Horná Štubňa | 21.01.2026 | 4736200408 | 21.01.2026 | Odborná literatúra pre dospelých |
